000 01379nam a22002777a 4500
001 EPSA 0316
003 gtcocun
005 20250829190613.0
006 a||||gr|||| 00| 0
007 ta
008 250829b2025 gt ||||| m||| 00| 0 eng d
040 _agtcocun
_bSPA
_cgtcocun
_eRDA
041 _aSPA EPSA 0316
084 _0EPSA 0316
100 _aToledo Godínez, Sindy Rosmery
_eAutor
245 _aINFORME FINAL DEL EERCICIO PROFESIONAL SUPERVISADO, REALIZADO EN CONSTRUCCIONES CIVILES, UBICADA EN COBÁN, ALTA VERAPAZ/
_cSindy Rosmery Toledo Godínez
_hImpreso
264 _aCobán, Alta Verapaz:
_bUniversidad de San Carlos de Guatemala, Centro Universitario del Norte, Licenciatura en Administración de Empresas
_c2025
300 _a52 p.:
_bIlustraciones, gráficas.
_c28 cm;
502 _eEPSA 0316
502 _aTesis de grado
_bLicenciatura en Administración de Empresas,
_cUniversidad de San Carlos de Guatemala, Centro Universitario del Norte, Licenciatura en Administración de Empresas
_d2025
_oEPSA 0316
650 _2LEMB
_aCobán, Alta Verapaz
_xAdministración
_xDiagnóstico
_xCaracterización
_xSituación
_xAdministrativa
_xDebilidades
700 _aLicda. Sayda Lisbeth Lém Hernández
_eAsesor
856 _uSin archivo en línea.
_zSin archivo en línea.
942 _2ddc
_cTES
_iEPSA 0316
_kClasificación
_n0
_6EPSA_0316_000000000000000
999 _c1547
_d1547